| 000 | 01007 a2200217 4500 | ||
|---|---|---|---|
| 999 |
_c2116 _d2116 |
||
| 020 | _a0195114701 (alk. paper) | ||
| 050 | 0 | 0 | _aHG6024.DUB2002 |
| 100 | 1 | _aDubofsky, David A. | |
| 245 | 1 | 0 |
_aDerivatives : _bvaluation and risk management / _cDavid A. Dubofsky, Thomas W. Miller, Jr. |
| 264 |
_aNew york: _bOxford university press., _c2002 |
||
| 300 |
_axxv, 646 p. : _bill. ; |
||
| 500 | _aIncludes bibliographical references and index. | ||
| 504 | _aIncludes bibliographical references and index. | ||
| 650 | 0 | _aDerivative securities. | |
| 650 | 0 | _aRisk management. | |
| 700 | 1 |
_aMiller, Thomas W., _d1955- |
|
| 856 | 4 | 1 |
_3Table of contents only _uhttp://www.loc.gov/catdir/enhancements/fy0611/2001133061-t.html |
| 856 | 4 | 2 |
_3Publisher description _uhttp://www.loc.gov/catdir/enhancements/fy0611/2001133061-d.html |
| 942 |
_2lcc _cBK _h6024 _iDUB _kHG |
||